MARC details
| 000 -CABECERA |
| campo de control de longitud fija |
01677nam a2200265 i 4500 |
| 003 - IDENTIFICADOR DEL NÚMERO DE CONTROL |
| campo de control |
DO-SdBNP |
| 005 - FECHA Y HORA DE LA ÚLTIMA TRANSACCIÓN |
| campo de control |
20250129132542.0 |
| 007 - CAMPO FIJO DE DESCRIPCIÓN FÍSICA--INFORMACIÓN GENERAL |
| campo de control de longitud fija |
ta |
| 008 - DATOS DE LONGITUD FIJA--INFORMACIÓN GENERAL |
| campo de control de longitud fija |
230810e1987 dr ||||| |||| 00| 0 spa d |
| 040 ## - FUENTE DE LA CATALOGACIÓN |
| Centro catalogador/agencia de origen |
DO-SdBNP |
| Lengua de catalogación |
spa |
| Centro/agencia transcriptor |
BNPHU |
| Normas de descripción |
rda |
| 082 #4 - NÚMERO DE LA CLASIFICACIÓN DECIMAL DEWEY |
| Número de clasificación |
xxx |
| Número de documento/Ítem |
C239d |
| Número de edición |
22 |
| 245 10 - MENCIÓN DE TÍTULO |
| Título |
Descubramos el mundo : |
| Resto del título |
libro de lectura / |
| Mención de responsabilidad, etc. |
Belén Mercedes Capestany |
| 246 14 - FORMA VARIANTE DE TÍTULO |
| Título propio/Titulo breve |
Descubramos el mundo : |
| Resto del título |
Guía didáctica para el libro de texto de tercer grado - nivel primario, lengua materna. |
| 264 #1 - PRODUCCIÓN, PUBLICACIÓN, DISTRIBUCIÓN, FABRICACIÓN Y COPYRIGHT |
| Producción, publicación, distribución, fabricación y copyright |
Santo Domingo : |
| Nombre del de productor, editor, distribuidor, fabricante |
Secretaría de Estado de Educación, Bellas Artes y Cultos, |
| Fecha de producción, publicación, distribución, fabricación o copyright |
1987. |
| 300 ## - DESCRIPCIÓN FÍSICA |
| Extensión |
26 páginas ; |
| Dimensiones |
22 cm. |
| 336 ## - TIPO DE CONTENIDO |
| Término de tipo de contenido |
texto |
| Código de tipo de contenido |
rda |
| Fuente |
rdacontent |
| 337 ## - TIPO DE MEDIO |
| Nombre/término del tipo de medio |
sin mediación |
| Código del tipo de medio |
n |
| Fuente |
rdamedia |
| 338 ## - TIPO DE SOPORTE |
| Nombre/término del tipo de soporte |
volumen |
| Código del tipo de soporte |
nc |
| Fuente |
rdacarrier |
| 500 ## - NOTA GENERAL |
| Nota general |
Guía didáctica para el libro de texto de tercer grado. |
| 505 ## - NOTA DE CONTENIDO CON FORMATO |
| Nota de contenido con formato |
Presentación-- |
| Título |
Introducción-- |
| -- |
Orientación generales-- |
| -- |
Recomendaciones específicas para el desarrollo de las lecciones : El primer día de clases-- |
| -- |
La aventura de Pilín-- |
| -- |
A mis padres-- |
| -- |
El día de navidad-- |
| -- |
El congreso de los ratones-- |
| -- |
La reina de las flores-- |
| -- |
Los mangos bajitos-- |
| -- |
La cigarra y la hormiga-- |
| -- |
El tesoro de la tierra-- |
| -- |
La vaca estudiosa-- |
| -- |
Cómo viven las abejas-- |
| -- |
Grito de los animales. |
| 505 ## - NOTA DE CONTENIDO CON FORMATO |
| Nota de contenido con formato |
Cosas sobre el elefante-- |
| Título |
La maravillas del mar-- |
| -- |
Así es el aire-- |
| -- |
El hogar-- |
| -- |
El grillo y sus amigos-- |
| -- |
Una excursión por el Suroeste-- |
| -- |
Caracola y caracol-- |
| -- |
El merengue-- |
| -- |
La hija de la lluvia-- |
| -- |
El Carnaval de mi país-- |
| -- |
El perro rojo. |
| 590 ## - NOTA LOCAL (RLIN) |
| Nota local |
Inventariado 2023 / MF |
| 710 ## - PUNTO DE ACCESO ADICIONAL--NOMBRE DE ENTIDAD CORPORATIVA |
| Nombre de entidad corporativa o nombre de jurisdicción como elemento de entrada |
República Dominicana |
| Unidad subordinada |
Secretaría de Estado de Educación, Bellas Artes y Cultos |
| 9 (RLIN) |
57502 |
| 942 ## - ELEMENTOS DE PUNTO DE ACCESO ADICIONAL (KOHA) |
| Fuente del sistema de clasificación o colocación |
Dewey Decimal Classification |
| Tipo de ítem Koha |
Folleto |